000 00455 a2200133 4500
001 ART_10951
005 20260410161624.0
008 260409a
245 1 0 _aReferencias a cuestiones ambientales en las Normas Internacionales de Información Financiera
100 1 _aGarcía Fronti, Inés M.
700 1 _aD´Onofrio, Paula Alejandra
700 1 _aPanario Centeno, María Marta
773 0 _tEnfoques
_g- Nº 12 (dic. 2012)
_wREV416
999 _c11862
_d11862